000 00662nam a2200205 i 4500
001 99763
003 ES-MaACL
005 20250811104722.0
007 t|
008 050915s1973 sp ||||1| spa d
100 1 _aMartínez Caviró, Balbina.
_977943
245 1 0 _aPorcelana del Buen Retiro
_b: Escultura /
_cpor Balbina Martínez Caviró.
260 _aMadrid :
_bInstituto Diego Velázquez,
_c1973.
300 _a49 p., lám. neg. y col. 1-48 ;
_c23 cm.
490 1 _aArte y artista
710 2 _aInstituto Diego Velázquez.
_95021
830 0 0 _aArte y artistas
_9186462
852 _aES-MaACL
_jC-53412
_bR.86488
999 _c99763
_d99763